[Event "Turin Piemonte op 5th"]
[Site "Turin"]
[Date "2003.12.08"]
[Round "6"]
[White "Macario Ban, Marco"]
[Black "Pantalone, Marcello"]
[Result "0-1"]
[WhiteElo "1557"]
[BlackElo "1963"]
[PlyCount "104"]
[EventDate "2003.12.04"]
[EventType "swiss"]
[EventRounds "7"]
[EventCountry "ITA"]
[SourceTitle "EXT 2008"]
[Source "ChessBase"]
[SourceDate "2007.11.25"]
[SourceVersion "1"]
[SourceVersionDate "2007.11.25"]
[SourceQuality "1"]

1. d4 Nf6 2. c4 c5 3. d5 e6 4. Nc3 exd5 5. cxd5 d6 6. e4 g6 7. Nf3 Bg7 8. Bd3 0-0 9. h4 a6 10. a4 Bg4 11. Bg5 h6 12. Bf4 Nh5 13. Qd2 Nxf4 14. Qxf4 Bxf3 15. gxf3 Qf6 16. Qxf6 Bxf6 17. f4 h5 18. 0-0-0 Nd7 19. Rdg1 Kh7 20. Kc2 Rac8 21. Ra1 c4 22. Be2 b6 23. Bf1 Rc7 24. Bh3 Nc5 25. Bf1 Bxc3 26. bxc3 Nxe4 27. f3 Nf6 28. Rd1 Rc5 29. Rd4 b5 30. Rg1 Rxd5 31. Rxd5 Nxd5 32. Kd2 Nxf4 33. Rg5 f5 34. Ke3 Ne6 35. Rg2 f4+ 36. Kd2 Rf5 37. Re2 Re5 38. Rxe5 dxe5 39. axb5 axb5 40. Bh3 Nc7 41. Bd7 g5 42. Bf5+ Kh6 43. hxg5+ Kxg5 44. Be4 Kh4 45. Ke2 Kg3 46. Kf1 h4 47. Kg1 h3 48. Kh1 Ne8 49. Bc6 Nd6 50. Bd5 e4 51. Bxe4 Nxe4 52. fxe4 f3 0-1